Normal view
MARC view
- Measure theory
Entry Topical Term
001 - CONTROL NUMBER
- control field: 102867
003 - CONTROL NUMBER IDENTIFIER
- control field: NUST
005 - DATE AND TIME OF LATEST TRANSACTION
- control field: 20221117132903.0
008 - FIXED-LENGTH DATA ELEMENTS
- fixed length control field: 221117|| aca||aabn | a|a d
040 ## - CATALOGING SOURCE
- Original cataloging agency: NUST
- Transcribing agency: NUST
150 ## - HEADING--TOPICAL TERM
- Topical term or geographic name entry element: Measure theory
670 ## - SOURCE DATA FOUND
- Source citation: Work cat.: (NUST)180941: Klambauer, Gabriel. 102866, Real analysis /, [1973]
